| 000 | 00562nam a22001817a 4500 | ||
|---|---|---|---|
| 999 |
_c190350 _d190350 |
||
| 005 | 20220722125158.0 | ||
| 010 | _aENG-133858 | ||
| 020 |
_c399.00 _a9789351950745 |
||
| 035 | _aEN-117390 | ||
| 037 | _bDBAD/PUB | ||
| 082 | _aS | ||
| 100 | _aChawla, Simran | ||
| 245 |
_asearching for Home: _bStories of Indians living Abroad/ _cSimran Chawla |
||
| 260 |
_aGurugram _bHachette Book Publishing India _c2018 |
||
| 270 |
_a4th/5th Floors Corporate Centre, sector44 _bGurugram _e122003 |
||
| 300 |
_a214p. _c19cm(pbk) _bAcknowledgements |
||
| 942 |
_2ddc _cEN _hS _mCHA |
||